Halcyon River diaries / (Record no. 211)
[ view plain ]
| 000 -LEADER | |
|---|---|
| fixed length control field | 00998pam a2200301 a 4500 |
| 001 - CONTROL NUMBER | |
| control field | 4525851 |
| 005 - DATE AND TIME OF LATEST TRANSACTION | |
| control field | 20200421093822.0 |
| 008 - FIXED-LENGTH DATA ELEMENTS--GENERAL INFORMATION | |
| fixed length control field | 091015s2010 enkab 001 0 eng d |
| 015 ## - NATIONAL BIBLIOGRAPHY NUMBER | |
| National bibliography number | GBA9A6822 |
| Source | bnb |
| 020 ## - INTERNATIONAL STANDARD BOOK NUMBER | |
| International Standard Book Number | 9781848092259 (hbk.) : |
| Terms of availability | £20.00 |
| 020 ## - INTERNATIONAL STANDARD BOOK NUMBER | |
| International Standard Book Number | 1848092253 (hbk.) : |
| Terms of availability | £20.00 |
| 035 ## - SYSTEM CONTROL NUMBER | |
| System control number | (Uk)015409267 |
| 040 ## - CATALOGING SOURCE | |
| Original cataloging agency | StDuBDS |
| Language of cataloging | eng |
| Transcribing agency | StDuBDS |
| Modifying agency | Uk |
| 042 ## - AUTHENTICATION CODE | |
| Authentication code | ukblcatcopy |
| 082 04 - DEWEY DECIMAL CLASSIFICATION NUMBER | |
| Classification number | 577.640941 |
| Edition information | 22 |
| 100 1# - MAIN ENTRY--PERSONAL NAME | |
| Personal name | Forrester, Philippa, |
| Dates associated with a name | 1968- |
| 9 (RLIN) | 449 |
| 245 10 - TITLE STATEMENT | |
| Title | Halcyon River diaries / |
| Statement of responsibility, etc. | Philippa Forrester and Charlie Hamilton-James. |
| 260 ## - PUBLICATION, DISTRIBUTION, ETC. | |
| Place of publication, distribution, etc. | London : |
| Name of publisher, distributor, etc. | Preface, |
| Date of publication, distribution, etc. | 2010. |
| 300 ## - PHYSICAL DESCRIPTION | |
| Extent | 223 p. : |
| Other physical details | ill, maps ; |
| Dimensions | 26 cm. |
| 500 ## - GENERAL NOTE | |
| General note | Includes index. |
| 500 ## - GENERAL NOTE | |
| General note | Formerly CIP. |
| Institution to which field applies | Uk |
| 600 10 - SUBJECT ADDED ENTRY--PERSONAL NAME | |
| Personal name | Forrester, Philippa, |
| Dates associated with a name | 1968- |
| General subdivision | Homes and haunts. |
| 9 (RLIN) | 990 |
| 600 10 - SUBJECT ADDED ENTRY--PERSONAL NAME | |
| Personal name | Hamilton-Jones, Charlie |
| General subdivision | Homes and haunts. |
| 650 #0 - SUBJECT ADDED ENTRY--TOPICAL TERM | |
| Topical term or geographic name entry element | Stream ecology |
| Geographic subdivision | Great Britain. |
| 9 (RLIN) | 992 |
| 700 1# - ADDED ENTRY--PERSONAL NAME | |
| Personal name | Hamilton-James, Charlie. |
| 942 ## - ADDED ENTRY ELEMENTS (KOHA) | |
| Source of classification or shelving scheme | Dewey Decimal Classification |
| Koha item type | Books |
| Withdrawn status | Lost status | Damaged status | Not for loan | Collection | Home library | Current library | Shelving location | Date acquired | Barcode | Date last seen | Price effective from | Koha item type |
|---|---|---|---|---|---|---|---|---|---|---|---|---|
| Reference | Centerville | Centerville | General stacks | 09/04/2014 | 39999000009057 | 09/04/2014 | 09/04/2014 | Books | ||||
| Reference | Midway | Midway | General stacks | 09/04/2014 | 39999000009071 | 09/04/2014 | 09/04/2014 | Books | ||||
| Reference | Midway | Midway | General stacks | 09/04/2014 | 39999000009095 | 09/04/2014 | 09/04/2014 | Books | ||||
| Reference | Midway | Midway | General stacks | 09/04/2014 | 39999000009118 | 09/04/2014 | 09/04/2014 | Books |